000 00676nam a22002417a 4500
005 20260504171100.0
008 260504b |||||||| |||| 00| 0 eng d
020 _a9780768099645
_qhb
082 _a629.243
_bZHA
100 _aZhang, Lijun
245 _aNoise, vibrations and harshness of electric and hybrid vehicles
250 _ac.2020
260 _aWarrendale
_bSAE International
_c2020
300 _aix, 388p. ; 26cm.
653 _aAutomobiles--Design and construction
653 _aAutomobiles--Vibration
653 _aAutomobiles--Noise
653 _aME432
653 _aME632
700 _aMeng, Dejian
700 _aChen, Gang
942 _2ddc
_cBK
999 _c53164
_d53164